Normal view
MARC view
- Supervisor- Dr. Pervez Akhtar
Entry Personal Name
001 - CONTROL NUMBER
- control field: 124415
003 - CONTROL NUMBER IDENTIFIER
- control field: NUST
005 - DATE AND TIME OF LATEST TRANSACTION
- control field: 20240711113544.0
008 - FIXED-LENGTH DATA ELEMENTS
- fixed length control field: 240711|| aca||aabn | a|a d
040 ## - CATALOGING SOURCE
- Original cataloging agency: NUST
- Transcribing agency: NUST
100 ## - HEADING--PERSONAL NAME
- Personal name: Supervisor- Dr. Pervez Akhtar
670 ## - SOURCE DATA FOUND
- Source citation: Work cat.: (NUST): ZIA RAZIA 124414, Multi-resolution Transform based Feature Extraction Techniques for Differentiating Glioma Grades using MRI Images/
